Cartilla de máquinas de vapor para uso del personal de la Compañía Trasatlántica / (Record no. 21043)
[ view plain ]
| 000 -LEADER | |
|---|---|
| campo de control de longitud fija | 00640nam a2200193 i 4500 |
| 001 - NÚMERO DE CONTROL | |
| campo de control | 21043 |
| 003 - IDENTIFICADOR DE NÚMERO DE CONTROL | |
| campo de control | ES-MaACL |
| 005 - FECHA Y HORA DE LA ÚLTIMA TRANSACCIÓN | |
| campo de control | 20251014063049.0 |
| 007 - CAMPO FIJO DE DESCRIPCIÓN FÍSICA--INFORMACIÓN GENERAL | |
| campo de control de longitud fija | t| |
| 008 - DATOS DE LONGITUD FIJA--INFORMACIÓN GENERAL | |
| campo de control de longitud fija | 021120s1894 sp ||||1| spa d |
| 100 1# - ENTRADA PRINCIPAL--NOMBRE DE PERSONA | |
| Nombre de persona | Agacino y Martínez, Eugenio, |
| Fechas asociadas al nombre | 1851-1924 |
| 9 (RLIN) | 18526 |
| 245 10 - MENCIÓN DEL TÍTULO | |
| Título | Cartilla de máquinas de vapor para uso del personal de la Compañía Trasatlántica / |
| Mención de responsabilidad, etc. | por Eugenio Agacino. |
| 250 ## - MENCION DE EDICION | |
| Mención de edición | 2ª ed. corr. y aum. |
| 260 ## - PUBLICACIÓN, DISTRIBUCIÓN, ETC. | |
| Lugar de publicación, distribución, etc. | Cádiz : |
| Nombre del editor, distribuidor, etc. | [s.n.], |
| Fecha de publicación, distribución, etc. | 1894 ( |
| Fabricante | Tip. Gaditana) |
| 300 ## - DESCRIPCIÓN FÍSICA | |
| Extensión | 184 p. : |
| Otras características físicas | il. ; |
| Dimensiones | 21 cm. |
| 650 #4 - PUNTO DE ACCESO ADICIONAL DE MATERIA--TÉRMINO DE MATERIA | |
| Término de materia o nombre geográfico como elemento de entrada | Máquinas de vapor. |
| 9 (RLIN) | 136563 |
| 852 ## - LOCALIZACIÓN | |
| Ubicación | ES-MaACL |
| Número de control de estantería | T-715-F-6 |
| Estatus retirado | Estado de pérdida | Estado de daño | No para préstamo | Colección | Biblioteca de origen | Biblioteca actual | Ubicación en estantería | Fecha de adquisición | Fuente de adquisición | Total de préstamos | Signatura topográfica completa | Código de barras | Visto por última vez | Precio de reemplazo | Tipo de ítem Koha |
|---|---|---|---|---|---|---|---|---|---|---|---|---|---|---|---|
| Colección de folletos | Biblioteca del Ateneo de Madrid | Biblioteca del Ateneo de Madrid | Depósito folletos | 17/01/2008 | T-715-F-6 | 1021616 | 23/02/2023 | 23/02/2023 | Folleto |
